| 000 | 00514nam a2200181 i 4500 | ||
|---|---|---|---|
| 001 | 15155 | ||
| 003 | ES-MaACL | ||
| 005 | 20230906151013.0 | ||
| 007 | t| | ||
| 008 | 000110s1999 sp ||||1| spa d | ||
| 020 | _a84-922338-2-6 | ||
| 080 | _a821.134.2-31"19" | ||
| 100 | 1 |
_aGarcía Fuentes, Antonio. _954624 |
|
| 245 | 1 | 3 |
_aLa vida de un viajante / _cAntonio García Fuentes. |
| 260 |
_aJaén : _bAntonio García Fuentes, _c1999. |
||
| 300 |
_a211, [4] p. ; _c22 cm. |
||
| 852 |
_aES-MaACL _jL-22344 _bR.127668 |
||
| 999 |
_c15155 _d15155 |
||